00611nam a2200169Ia 4500001001000000003000500010008004100015010001100056040000900067100002900076245012500105260003500230300001000265502008700275650002900362710005000391Para_1252CHAP220125s1998 xx 000 0 und d a199960 cCHAP aToledo Barcenas, Alberto aLa cebolla (Allium cepa L.), cultivada en fertigación y dos densidades de población /c por Alberto Toledo Barcenas aChapingo, Méx. :b El autor a92 h. aTesis (Ing. Agr. Esp. en Parasitología Agrícola), UACh. Depto. Parasitología aCebolla x rendimiento  aUACh. Departamento Parasitología Agrícola